[Event "3rd Cairns Cup 2023"]
[Site "Saint Louis USA"]
[Date "2023.06.09"]
[Round "6.4"]
[White "Paehtz, Elisabeth"]
[Black "Dzagnidze, Nana"]
[Result "1-0"]
[WhiteTitle "GM"]
[BlackTitle "GM"]
[WhiteElo "2477"]
[BlackElo "2510"]
[WhiteFideId "4641833"]
[BlackFideId "13601903"]
[EventDate "2023.06.03"]

1. e4 c5 2. Nf3 d6 3. d4 cxd4 4. Nxd4 Nf6 5. Nc3 g6 6. Be3 Bg7 7. f3 O-O 8. Bc4
Nc6 9. Qd2 Nxd4 10. Bxd4 Be6 11. Bb3 Qa5 12. O-O Rfc8 13. Rad1 Nd7 14. Bxg7 Kxg7
15. f4 Bxb3 16. axb3 Qc5+ 17. Rf2 Nf6 18. Qe2 Rd8 19. Rd3 h5 20. h3 a6 21. Nd5
e6 22. b4 Qb5 23. Nc7 Qxb4 24. Nxa8 Rxa8 25. c3 Qxe4 26. Rxd6 h4 27. Rd4 Qf5 28.
Qe5 Rc8 29. Qxf5 gxf5 30. Rfd2 a5 31. Ra4 Rc5 32. Rd1 Ne4 33. Ra2 b6 34. Rd4 Rb5
35. Kf1 Kf6 36. Ke2 Ke7 37. Rd3 f6 38. b4 Nd6 39. Rad2 Nf7 40. bxa5 Rxa5 41.
Rd7+ Ke8 42. Rb7 Rc5 43. Rxb6 Rxc3 44. Rxe6+ Kf8 45. Rd7 Rg3 46. Rxf6 Rxg2+ 47.
Kf3 Rg3+ 48. Kf2 Rg7 49. Rxf5 Kg8 50. Rdxf7 1-0

[Event "3rd Cairns Cup 2023"]
[Site "Saint Louis USA"]
[Date "2023.06.10"]
[Round "7.1"]
[White "Dzagnidze, Nana"]
[Black "Kosteniuk, Alexandra"]
[Result "1-0"]
[WhiteTitle "GM"]
[BlackTitle "GM"]
[WhiteElo "2510"]
[BlackElo "2523"]
[WhiteFideId "13601903"]
[BlackFideId "4128125"]
[EventDate "2023.06.03"]

1. d4 Nf6 2. c4 e6 3. Bf4 c5 4. d5 b5 5. Nf3 Bb7 6. e4 Nxe4 7. Bd3 Bd6 8. Be3
Nf6 9. Nc3 exd5 10. Nxb5 Be7 11. Bf4 O-O 12. Bc7 Qe8 13. Be2 d6 14. Bxd6 Qd8 15.
Bg3 Nc6 16. cxd5 Nxd5 17. O-O a6 18. Na3 Ndb4 19. Nc4 Nd4 20. Nxd4 cxd4 21. a3
d3 22. Bf3 Bxf3 23. Qxf3 Qd4 24. Na5 Nc2 25. Nc6 Qd7 26. Rad1 Nd4 27. Nxe7+ Qxe7
28. Qxd3 Ne2+ 29. Kh1 Nxg3+ 30. hxg3 a5 31. Rfe1 Qc5 32. Qd4 Qh5+ 33. Kg1 Rfe8
34. b4 axb4 35. axb4 h6 36. Rxe8+ Rxe8 37. Qd3 Re2 38. Rb1 Qe5 39. b5 Re1+ 40.
Rxe1 Qxe1+ 41. Qf1 Qb4 42. Qe2 Kf8 43. Qe5 f6 44. Qb8+ Ke7 45. Qc7+ Ke6 46. b6
Qd4 47. Kh2 Qd7 48. Qb8 Qb5 49. g4 Qc5 50. b7 Kd7 51. Qg3 1-0

[Event "3rd Cairns Cup 2023"]
[Site "Saint Louis USA"]
[Date "2023.06.10"]
[Round "7.4"]
[White "Abdumalik, Zhansaya"]
[Black "Mammadzada, Gunay"]
[Result "1/2-1/2"]
[WhiteTitle "GM"]
[BlackTitle "IM"]
[WhiteElo "2497"]
[BlackElo "2456"]
[WhiteFideId "13703544"]
[BlackFideId "13403729"]
[EventDate "2023.06.03"]

1. e4 c5 2. Nf3 d6 3. d4 cxd4 4. Nxd4 Nf6 5. Nc3 a6 6. Bg5 Nbd7 7. Qe2 h6 8. Bh4
g6 9. f4 e5 10. fxe5 dxe5 11. O-O-O Qc7 12. Nb3 b5 13. Rxd7 Nxd7 14. Nd5 Qb8 15.
Bf6 Nxf6 16. Nxf6+ Kd8 17. Qd2+ Qd6 18. Qa5+ Qc7 19. Qd2+ Qd6 20. Qa5+ Qc7 21.
Qd2+ Qd6 1/2-1/2

[Event "3rd Cairns Cup 2023"]
[Site "Saint Louis USA"]
[Date "2023.06.11"]
[Round "8.2"]
[White "Dronavalli, Harika"]
[Black "Dzagnidze, Nana"]
[Result "1/2-1/2"]
[WhiteTitle "GM"]
[BlackTitle "GM"]
[WhiteElo "2510"]
[BlackElo "2510"]
[WhiteFideId "5015197"]
[BlackFideId "13601903"]
[EventDate "2023.06.03"]

1. d4 Nf6 2. c4 e6 3. Nf3 d5 4. g3 dxc4 5. Bg2 c6 6. a4 b5 7. Ne5 Nd5 8. Nc3 Bb4
9. O-O O-O 10. axb5 Bxc3 11. e4 Bb4 12. exd5 cxd5 13. Nxc4 Bd7 14. Qa4 a5 15.
Bf4 Ra7 16. Ne5 Qe8 17. Nxd7 Nxd7 18. Qc2 Rb7 19. Rfc1 Rxb5 20. Bf1 Rb7 21. Qc6
Qa8 22. Ba6 Rb6 23. Qxa8 Rxa8 24. Bc8 Nf6 25. Rc2 h6 26. f3 Bd6 27. Be5 Bxe5 28.
dxe5 Nh7 29. Bd7 Nf8 30. Ba4 g5 31. f4 Ng6 32. Rf2 Rc8 33. Bc2 Rxb2 34. Bxg6
Rxf2 35. Kxf2 fxg6 36. Rxa5 gxf4 37. gxf4 g5 38. Ra6 Kf7 39. f5 Re8 40. Ke3 exf5
41. Kd4 Re6 42. Ra7+ Re7 43. Ra6 Kg7 44. Kxd5 f4 45. Ke4 Rf7 46. Kf3 Re7 47. Ke4
Rb7 48. h4 Rf7 49. hxg5 hxg5 50. Kf3 Kf8 51. Kg4 Ke7 52. Kxg5 f3 53. Ra1 Ke6 54.
Kg4 Kxe5 55. Kg3 Ke4 56. Kf2 Kf4 57. Ra4+ Kg5 58. Rb4 Rf4 59. Rb8 Rf5 60. Rb4
Rf4 61. Rb8 Rf5 62. Rb4 Rf4 63. Rb8 1/2-1/2

[Event "3rd Cairns Cup 2023"]
[Site "Saint Louis USA"]
[Date "2023.06.11"]
[Round "8.4"]
[White "Kosteniuk, Alexandra"]
[Black "Khotenashvili, Bella"]
[Result "1-0"]
[WhiteTitle "GM"]
[BlackTitle "GM"]
[WhiteElo "2523"]
[BlackElo "2470"]
[WhiteFideId "4128125"]
[BlackFideId "13602640"]
[EventDate "2023.06.03"]

1. e4 e5 2. Nf3 Nc6 3. Bb5 a6 4. Ba4 Nf6 5. O-O Nxe4 6. d4 b5 7. Bb3 d5 8. dxe5
Be6 9. Nbd2 Be7 10. c3 O-O 11. Bc2 f5 12. Nb3 Qd7 13. Nfd4 Nxd4 14. Nxd4 c5 15.
Nxe6 Qxe6 16. f3 Ng5 17. Bf4 Rad8 18. Kh1 Qc8 19. Bxg5 Bxg5 20. f4 Be7 21. a4 d4
22. axb5 axb5 23. Ra7 dxc3 24. Qb1 Bh4 25. bxc3 b4 26. cxb4 c4 27. b5 Rd2 28.
Rd1 c3 29. b6 Qc5 30. Rd7 Qf2 31. R7xd2 cxd2 32. Rf1 Qe2 33. Bd3 Qe1 34. b7 Rb8
35. Qa2+ Kf8 36. Qa8 d1=Q 37. Qxb8+ Kf7 38. Qc7+ Kg6 39. Qb6+ Kh5 40. b8=Q Qxf1+
41. Bxf1 Qxf1+ 42. Qg1 Qxf4 43. Qd1+ 1-0

[Event "3rd Cairns Cup 2023"]
[Site "Saint Louis USA"]
[Date "2023.06.12"]
[Round "9.1"]
[White "Khotenashvili, Bella"]
[Black "Dronavalli, Harika"]
[Result "1/2-1/2"]
[WhiteTitle "GM"]
[BlackTitle "GM"]
[WhiteElo "2470"]
[BlackElo "2510"]
[WhiteFideId "13602640"]
[BlackFideId "5015197"]
[EventDate "2023.06.03"]

1. d4 d5 2. c4 e6 3. Nf3 Nf6 4. g3 Bb4+ 5. Bd2 a5 6. Bg2 O-O 7. Qc2 c5 8. cxd5
cxd4 9. Nxd4 Qb6 10. e3 exd5 11. O-O Nc6 12. Nxc6 bxc6 13. Rc1 Rb8 14. Nc3 h5
15. a3 Be7 16. Na4 Qc7 17. Qxc6 Qxc6 18. Rxc6 Bd7 19. Rc7 Bd8 20. Rxd7 Nxd7 21.
Rd1 Nb6 22. Nxb6 Rxb6 23. b4 axb4 24. Bxb4 Re8 25. Rxd5 Be7 26. Re5 Kf8 27. Rxh5
Bxb4 28. Rh8+ Ke7 29. Rxe8+ Kxe8 30. axb4 Rxb4 31. h4 Rb1+ 32. Kh2 Rb2 33. Kg1
Rb1+ 34. Kh2 Rb2 35. Kg1 Rb1+ 1/2-1/2

[Event "3rd Cairns Cup 2023"]
[Site "Saint Louis USA"]
[Date "2023.06.12"]
[Round "9.2"]
[White "Dzagnidze, Nana"]
[Black "Mammadzada, Gunay"]
[Result "1-0"]
[WhiteTitle "GM"]
[BlackTitle "IM"]
[WhiteElo "2510"]
[BlackElo "2456"]
[WhiteFideId "13601903"]
[BlackFideId "13403729"]
[EventDate "2023.06.03"]

1. Nf3 d5 2. g3 c6 3. Bg2 Bg4 4. b3 e6 5. Bb2 Nf6 6. d3 Be7 7. Nbd2 O-O 8. h3
Bxf3 9. Nxf3 Ba3 10. Bc3 c5 11. Bd2 d4 12. O-O Nd5 13. e4 dxe3 14. fxe3 Bb2 15.
Rb1 Nc3 16. Bxc3 Bxc3 17. Nd2 Qe7 18. Rf2 f5 19. a3 Na6 20. Qe2 Rad8 21. Kh1 Nc7
22. Rbf1 Be5 23. g4 g6 24. Bxb7 Nb5 25. Bc6 Nxa3 26. Bg2 Bb8 27. gxf5 exf5 28.
Nc4 Nb5 29. Rg1 Qc7 30. Ba8 Kh8 31. Qf3 Qe7 32. Bc6 Nc7 33. Rfg2 Rf6 34. Na5 Re6
35. Re2 Rf8 36. Ba4 Ne8 37. Bxe8 Rxe8 38. Nc4 Qh4 39. Reg2 Qh6 40. Re2 Qh4 41.
Reg2 Rf6 42. Rf1 Ref8 43. Kg1 g5 44. Qf2 Qxh3 45. e4 Rh6 46. Qxc5 Bh2+ 47. Kf2
Bd6 48. Qd4+ Rff6 49. Nxd6 fxe4+ 50. Ke1 Qh4+ 51. Kd1 exd3 52. Ne4 dxc2+ 53.
Kxc2 Qh3 54. Rxf6 1-0

[Event "3rd Cairns Cup 2023"]
[Site "Saint Louis USA"]
[Date "2023.06.12"]
[Round "9.3"]
[White "Paehtz, Elisabeth"]
[Black "Kosteniuk, Alexandra"]
[Result "0-1"]
[WhiteTitle "GM"]
[BlackTitle "GM"]
[WhiteElo "2477"]
[BlackElo "2523"]
[WhiteFideId "4641833"]
[BlackFideId "4128125"]
[EventDate "2023.06.03"]

1. e4 e5 2. Nf3 Nc6 3. Bb5 a6 4. Ba4 Nf6 5. O-O Be7 6. Re1 b5 7. Bb3 O-O 8. a4
Bb7 9. d3 d6 10. c3 Na5 11. Bc2 c5 12. Nbd2 Re8 13. Nf1 b4 14. Ng3 Bf8 15. h3
Rb8 16. cxb4 cxb4 17. d4 exd4 18. Nxd4 g6 19. Bf4 Nd7 20. b3 Rc8 21. Rc1 Nc6 22.
Nxc6 Rxc6 23. Qd2 Qa5 24. Bd3 d5 25. Rxc6 Bxc6 26. e5 Bg7 27. Rc1 Qb6 28. a5 Qb7
29. Qe2 Nxe5 30. Bxa6 Qa8 31. Qf1 Re6 32. Bxe5 Bxe5 33. Bb5 Bb7 34. Bd7 Re7 35.
Ba4 Qa7 36. Qd3 Bd4 37. Rc2 Re6 38. Nf1 Bc3 39. Ne3 d4 40. Ng4 h5 41. Re2 Ba6
42. Nh6+ Kg7 43. Nf5+ gxf5 44. Qg3+ Rg6 45. Qe5+ Kh7 0-1